Freud and the Post-Freudians (Record no. 45358)
[ view plain ]
| 000 -LEADER | |
|---|---|
| fixed length control field | 00453nam a2200193Ia 4500 |
| 003 - CONTROL NUMBER IDENTIFIER | |
| control field | 0100 |
| 005 - DATE AND TIME OF LATEST TRANSACTION | |
| control field | 20190507105805.0 |
| 008 - FIXED-LENGTH DATA ELEMENTS--GENERAL INFORMATION | |
| fixed length control field | 130303s9999 xx 000 0 und d |
| 020 ## - INTERNATIONAL STANDARD BOOK NUMBER | |
| International Standard Book Number | 0140205225 |
| 040 ## - CATALOGING SOURCE | |
| Transcribing agency | ARRUPELIB |
| 050 ## - LIBRARY OF CONGRESS CALL NUMBER | |
| Classification number | BF173.F85 B76 1961 |
| 300 ## - PHYSICAL DESCRIPTION | |
| Dimensions | 18cm. |
| 100 ## - MAIN ENTRY--PERSONAL NAME | |
| Personal name | Brown, James A. C |
| 9 (RLIN) | 43356 |
| 245 ## - TITLE STATEMENT | |
| Title | Freud and the Post-Freudians |
| Statement of responsibility, etc | J.A.C. Brown |
| 260 ## - PUBLICATION, DISTRIBUTION, ETC. (IMPRINT) | |
| Place of publication, distribution, etc | Harmondsworth |
| Name of publisher, distributor, etc | Penguin Books |
| Date of publication, distribution, etc | 1961 |
| 300 ## - PHYSICAL DESCRIPTION | |
| Extent | viii, 225p. ; |
| 600 ## - SUBJECT ADDED ENTRY--PERSONAL NAME | |
| Personal name | Freud, Sigmund |
| 9 (RLIN) | 24442 |
| 650 ## - SUBJECT ADDED ENTRY--TOPICAL TERM | |
| Topical term or geographic name as entry element | Psychoanalysis |
| 9 (RLIN) | 46304 |
| 942 ## - ADDED ENTRY ELEMENTS (KOHA) | |
| Source of classification or shelving scheme | Library of Congress Classification |
| Koha item type | Monograph ( Printed materials) |
| Withdrawn status | Lost status | Source of classification or shelving scheme | Damaged status | Not for loan | Collection code | Home library | Current library | Shelving location | Date acquired | Total Checkouts | Full call number | Barcode | Date last seen | Date checked out | Copy number | Price effective from | Koha item type |
|---|---|---|---|---|---|---|---|---|---|---|---|---|---|---|---|---|---|
| Library of Congress Classification | Main Collection | ARRUPE LIBRARY | ARRUPE LIBRARY | Main Collection | 04/03/2013 | 3 | BF173.F85 B76 1961 | 46406837 | 04/10/2018 | 20/09/2018 | 1 | 04/03/2013 | Monograph ( Printed materials) | ||||
| Library of Congress Classification | Main Collection | ARRUPE LIBRARY | ARRUPE LIBRARY | Main Collection | 09/11/2018 | BF173.F85 B76 1961 | 46600004729 | 09/11/2018 | 09/11/2018 | Monograph ( Printed materials) |